UCI World Tour teams - Statistics

General Stats
  • This quiz has been taken 14 times
  • The average score is 12 of 18
Answer Stats
Teams % Correct
AG2R Citroën Team
91%
UAE Team Emirates
91%
BORA - hansgrohe
82%
INEOS Grenadiers
82%
Jumbo-Visma
82%
Soudal - Quick Step
82%
Astana Qazaqstan Team
73%
Bahrain - Victorious
73%
Intermarché - Circus - Wanty
73%
Team DSM
64%
Trek - Segafredo
64%
Cofidis
55%
EF Education-EasyPost
55%
Groupama - FDJ
55%
Team Arkéa Samsic
55%
Alpecin-Deceuninck
45%
Movistar Team
36%
Team Jayco AlUla
36%
No matching quizzes found
Score Distribution
Percent of People with Each Score
Percentile by Number Answered
Your Score History
You have not taken this quiz